Odklad bankrotů není dobrým řešením. Říka prof. dr. Karel Kouba, DrSc., ředitel Institutu ekonomických věd Univerzity Karlovy.
Odpovede na otázky, či je rozumné odkladať bankrot, ktorý má nenahraditeľnú ozdravovaciu a hygienickú funkciu v každej trhovej ekonomike, či je likvidácia podnikov plnohodnotnou formou bankrotu, či sú argumenty za odloženie konkurzov a vyrovnaní relevantné, aké pozície budú mať pri odložení účinnost...
Salvato in:
| Autore principale: | |
|---|---|
| Altri autori: | |
| Natura: | Capitolo di libro |
| Lingua: | ceco |
| Soggetti: | |
| Tags: |
Nessun Tag, puoi essere il primo ad aggiungerne!!
|
MARC
| LEADER | 00000naa a2200000 4500 | ||
|---|---|---|---|
| 001 | r010653 | ||
| 005 | 20220831083920.8 | ||
| 041 | 0 | |a cze | |
| 044 | |a [CS] | ||
| 245 | 1 | 0 | |a Odklad bankrotů není dobrým řešením. |b Říka prof. dr. Karel Kouba, DrSc., ředitel Institutu ekonomických věd Univerzity Karlovy. |c K. Kouba, Eva Klvačová |
| 520 | |a Odpovede na otázky, či je rozumné odkladať bankrot, ktorý má nenahraditeľnú ozdravovaciu a hygienickú funkciu v každej trhovej ekonomike, či je likvidácia podnikov plnohodnotnou formou bankrotu, či sú argumenty za odloženie konkurzov a vyrovnaní relevantné, aké pozície budú mať pri odložení účinnosti zákona o bankrote a vyrovnaní komerčné banky, ktoré sú najväčšími veriteľmi podnikov, či odštartovanie bankrotov nevráti ekonomiku znova do recesie. | ||
| 610 | 2 | 0 | |a bankrot |
| 610 | 2 | 0 | |a likvidácia podniku |
| 610 | 2 | 0 | |a zákony |
| 610 | 2 | 0 | |a banky |
| 610 | 2 | 0 | |a veritelia |
| 100 | 1 | |a Kouba, K. | |
| 700 | 1 | |a Klvačová, Eva | |